000
00200 a2200097 4500
001
2540
100
_a
Raymond, Lueg
245
_a
The Helicopter
260
_a
_b
David & Charles
_c
090
_c
1837
_d
1837
942
_a
NUST-CAE
_c
_c
9302
999
_c
237613
_d
237613